Biblioteca "Ernesto Sabato"
Facultad de Derecho y Ciencias Sociales
Facultad de Lenguas
Universidad Nacional del Comahue

Hartos Evos aquí hay : los cocaleros del Chapare (Record no. 340)

MARC details
000 -CABECERA
campo de control de longitud fija 00405cam a22001812a 4500
001 - NÚMERO DE CONTROL
campo de control 000133
003 - IDENTIFICADOR DEL NÚMERO DE CONTROL
campo de control AR-FADEU
008 - DATOS DE LONGITUD FIJA--INFORMACIÓN GENERAL
campo de control de longitud fija 311216n2006####xxu####################dd
245 ## - MENCIÓN DE TÍTULO
Título Hartos Evos aquí hay : los cocaleros del Chapare
260 ## - PUBLICACIÓN, DISTRIBUCIÓN, ETC. (PIE DE IMPRENTA)
Nombre del editor, distribuidor, etc. Clacso
260 ## - PUBLICACIÓN, DISTRIBUCIÓN, ETC. (PIE DE IMPRENTA)
Fecha de publicación, distribución, etc. 2006
300 ## - DESCRIPCIÓN FÍSICA
Extensión 1
300 ## - DESCRIPCIÓN FÍSICA
Tipo de unidad DVD
300 ## - DESCRIPCIÓN FÍSICA
Tamaño de la unidad 50 min
546 ## - NOTA DE LENGUA/LENGUAJE
Nota de lengua/lenguaje español - quechua
650 ## - PUNTO DE ACCESO ADICIONAL DE MATERIA--TÉRMINO DE MATERIA
Término de materia o nombre geográfico como elemento inicial DOCUMENTAL
942 ## - ELEMENTOS DE PUNTO DE ACCESO ADICIONAL (KOHA)
Tipo de ítem Koha VIDEO
Holdings
Estado de retiro Estado de pérdida Estado dañado No para préstamo Localización permanente Ubicación/localización actual Fecha de adquisición Número de inventario Total de préstamos Código de barras Fecha visto por última vez Precio válido a partir de Tipo de ítem Koha
        Biblioteca Ernesto Sabato - FADECS - UNCOMA Biblioteca Ernesto Sabato - FADECS - UNCOMA 27/12/2016 V171   V171 27/12/2016 27/12/2016 VIDEO
Facultad de Derecho y Ciencias Sociales | Universidad Nacional del Comahue | Mendoza y Perú General Roca | Río Negro CP (8332) | Patagonia Argentina | Teléfono: 54-0298-4433670 | | Fax: 0298-4432093 | Fax alumnos: 0298-4435700